000 00870nam a2200265 a 4500
001 822
003 BR-CuiBMT
005 20231121185840.0
008 231107s2015 bab 000 0 por d
020 _a9788544203736
040 _aBR-CuiBMT
_cBR-CuiBMT
080 _22007
_a342.9
_x(079.1)
090 _a342.9(079.1)
_bA923d
_c2. ed.
100 1 _aAugusto Junior, Antônio
245 _aDireito administrativo :
_bem provas discursivas /
_cAntônio Augusto Jr.
250 _a2. ed., rev., ampl. e atual.
260 _aSalvador :
_bJusPODIVM,
_c2015.
300 _a427 p. :
_c24 cm
490 1 _aColeção provas discursivas respondidas e comentadas
504 _aInclui bibliografia.
650 _aDireito administrativo
_zBrasil
650 _aDireito administrativo
_xQuestões de prova
830 1 _aProvas discursivas , respondidas e comentadas
942 _2udc
_cLV
999 _c822
_d822